00569nam a2200169 a 4500001000500000005001700005008004100022020001800063050001700081100001600098245006200114260004100176300002500217650002000242999001900262952011800281306820140414131928.0060131s19uu xx 00 eng d a0-448-43196-3 aERbSn6 2004 aEding, June aSnow magic /cby June Eding ; illustrated by Sarah Beise. aNew York :bGrosset & Dunlap,c2004. a1 v. p. : ill. ; cm. aSnowsxFiction. c112135d112135 00104050aMUbMUcERd2006-01-31eBookDriveg160.00l0oER Sn6 2004pM3191r2014-04-14 00:00:00w2014-04-14yBK